Woman Suffrage and Politics : The Inner Story of the Suffrage Movement /
I tiakina i:
| Kaituhi matua: | |
|---|---|
| Ētahi atu kaituhi: | |
| Hōputu: | Pukapuka |
| Reo: | Ingarihi |
| I whakaputaina: |
Seattle, EUA :
University of Washington,
1970, c1969
|
| Rangatū: | (Americana Library Paperbacks)
|
| Ngā marau: | |
| Ngā Tūtohu: |
Kāore He Tūtohu, Me noho koe te mea tuatahi ki te tūtohu i tēnei pūkete!
|
MARC
| LEADER | 00000nam^a2200000^a^4500 | ||
|---|---|---|---|
| 001 | 000190937 | ||
| 005 | 20250521000000.0 | ||
| 009 | 20260310102510.056 | ||
| 037 | |a Acervo ITESO - Biblioteca | ||
| 041 | |a ING | ||
| 082 | |a 305. 420973 |b CAT | ||
| 100 | |a Catt, Carrie Chapman |e (autor) | ||
| 245 | 1 | 0 | |a Woman Suffrage and Politics : |b The Inner Story of the Suffrage Movement / |c C.C. Catt, N.R. Shuler ; introd. de T.A. Larson. |
| 264 | 4 | |a Seattle, EUA : |b University of Washington, |c 1970, c1969 | |
| 300 | |a XXIII, 504 p. | ||
| 336 | |a texto |b txt |2 rdacontenido | ||
| 337 | |a sin mediación |b n |2 rdamedio | ||
| 338 | |a volumen |b nc |2 rdasoporte | ||
| 440 | 1 | |a (Americana Library Paperbacks) | |
| 649 | |a XX | ||
| 650 | |a Feministas Norteamericanas - |x Historia | ||
| 650 | |a Mujeres Norteamericanas - |x Historia | ||
| 650 | |a Mujeres Norteamericanas - |x Condiciones Jurídicas | ||
| 650 | |a Mujeres Norteamericanas - |x Condiciones Políticas | ||
| 650 | |a Sufragismo - |z EUA - |x Historia - |x Tema Principal | ||
| 650 | |a Feminismo - |z EUA - |x Historia | ||
| 650 | |a Movimientos Políticos - |z EUA - |x Historia | ||
| 650 | |a Movimientos Sociales - |z EUA - |x Historia | ||
| 650 | |a Derechos Políticos - |z EUA - |x Historia | ||
| 650 | |a Derecho Electoral - |z EUA - |x Historia | ||
| 650 | |a Derecho Político - |z EUA - |x Historia | ||
| 650 | |a Derecho Público - |z EUA - |x Historia | ||
| 650 | |a Derecho y Política - |z EUA - |x Historia | ||
| 650 | |a Política - |z EUA - |x Historia | ||
| 650 | |a EUA - |x Historia - |y 1845-1861 | ||
| 650 | |a EUA - |x Historia - |y Guerra Civil, 1861-1865 | ||
| 650 | |a EUA - |x Historia - |y Reconstrucción, 1865-1901 | ||
| 650 | |a EUA - |x Historia - |y Siglo XIX | ||
| 650 | |a EUA - |x Historia - |y 1901-1919 | ||
| 650 | |a EUA - |x Historia - |y Siglo XX | ||
| 700 | |a Shuler, Nettie Rogers |e (autor) | ||
| 910 | |a Fondo General | ||
| 920 | |a Impresos - Libros | ||
| 930 | |a Colección General | ||
| 905 | |a 101 | ||
| 901 | |a 0500133979 |b IT1 |c ACC |u 20250521 | ||
| 902 | |a https://opac.biblio.iteso.mx/vufind/Record/000190937 | ||